000 00383nam a2200145Ia 4500
008 210210b1977 xxu||||| |||| 00| 0 eng d
082 _a581.02 ASSQ
100 _aASSOCIATION OF INDIAN UNIVERSITIES.
245 _aQuestion bank book series.
260 _aN Delhi
_bResearch Cell
_c1977
300 _a421
650 _aBotany Question Bank
690 _aBotan
906 _aSG0015
999 _c111603
_d111603